ბათუმის შოთა რუსთაველის სახელმწიფო უნივერსიტეტის ბიბლიოთეკა

ნავთობისა და გაზის მოპოვება, გადამუშავება და ტრანსპორტირება / (ბიბ.ჩანაწერი № 58446)

000 -ლიდერი
ფიქსირებული სიგრძის საკონტროლო ველი 01893nam a22002777a 4500
003 - საკონტროლო ნომრის იდენტიფიკატორი
საკონტროლო ველი Ge_BSU
005 - ბოლო ოპერაციის თარიღი და დრო
საკონტროლო ველი 20220211131711.0
008 - ფიქსირებული სიგრძის მონაცემთა ელემენტები - ზოგადი ინფორმაცია
ფიქსირებული სიგრძის საკონტროლო ველი 220211s2021 ge ||||| |||| 00| 0 geo d
020 ## - წიგნის საერთაშორისო სტანდარტული ნომერი
International Standard Book Number 9789941838576
041 ## - ენის კოდი
Language code of text/sound track or separate title geo
080 ## - უნივერსალური ათობითი კლასიფიკაციის ინდექსი
Universal Decimal Classification number 662.959.63 გ-74
100 ## - მთავარი ჩანაწერი - პიროვნების სახელი
Personal name გოჩიტაშვილი, თეიმურაზ
9 (RLIN) 13530
245 ## - ცნობა სათაურის შესახებ
Title ნავთობისა და გაზის მოპოვება, გადამუშავება და ტრანსპორტირება /
Statement of responsibility, etc რედაქტორები : ომარ ქუცნაშვილი, არჩილ მაღალაშვილი, ქეთევან გოჩიტაშვილი.
264 ## - წარმოების, გამოცემის, დისტრიბუციის და სხვა ცნობები
გამოცემის, წარმოების, დისტრიბუციის... ადგილი თბილისი,
გამოცემის, წარმოების, დისტრიბუციის... თარიღი 2021.
300 ## - ფიზიკური აღწერა
Extent 288 გვ.:
Other physical details ილ.,
Dimensions 25 სმ.
500 ## - ზოგადი შენიშვნა
General note დაბეჭდილია საქართველოს ნავთობისა და გაზის კორპორაციის დირექტორთა საბჭოს რეკომენდაციითა და მხარდაჭერით
501 ## - შენიშვნა თანმხლებ მასალაზე
With note დანართი გვ. 280-288
504 ## - BIBLIOGRAPHY, ETC. NOTE
Bibliography, etc ბიბლიოგრ. გვ. 273-279
511 ## - PARTICIPANT OR PERFORMER NOTE
Participant or performer note ეძღვნება თეიმურაზ ჯავახიშვილის და თორნიკე გოცირიძის ხსოვნას
653 ## - INDEX TERM--UNCONTROLLED
Uncontrolled term ნავთობისა და გაზის მოპოვება
653 ## - INDEX TERM--UNCONTROLLED
Uncontrolled term ნავთობის გადამუშავება
700 ## - ADDED ENTRY--PERSONAL NAME
Personal name ქუცნაშვილი, ომარ
Relator term რედაქტორი
9 (RLIN) 13531
700 ## - ADDED ENTRY--PERSONAL NAME
Personal name მაღალაშვილი, არჩილ
Relator term რედაქტორი
9 (RLIN) 13532
700 ## - ADDED ENTRY--PERSONAL NAME
Personal name გოჩიტაშვილი, ქეთევან
Relator term რედაქტორი
9 (RLIN) 4197
942 ## - ADDED ENTRY ELEMENTS (KOHA)
Source of classification or shelving scheme
Koha item type წიგნი
ეგზემპლარები
ჩამოწერის სტატუსი დაკარგული ეგზემპლარის სტატუსი კლასიფიკაციის წყარო ან თაროზე გაწყობის სქემა დაზიანების სტატუსი არ გაიცემა მუდმივი მდებარეობა (დაცვის ადგილი) ამჟამინდელი ადგილსამყოფელი თაროზე განთავსების ადგილი შეძენის თარიღი ღირებულება, შესყიდვის ნორმალური ფასი სრული შენახვის შიფრი შტრიხკოდი ბოლო ოპერაციის თარიღი ეგზემპლარის მიმდევრობითი ნომერი (კეტერი?) ფასის ძალაში შესვლის თარიღი ეგზემპლარის სახეობა საჯარო შენიშვნა
          ტექნოლოგიური ფაკულტეტის ბიბლიოთეკა ტექნოლოგიური ფაკულტეტის ბიბლიოთეკა წიგნსაცავი 2022-02-11 10.00 662.959.63 გ-74 62166 2022-02-11 62166 2022-02-11 წიგნი 10 ლ.